| 000 | 00543nam a2200181Ia 4500 | ||
|---|---|---|---|
| 003 | GCL | ||
| 008 | 140319s9999 xx 000 0 ara d | ||
| 040 |
_aGCL / _cGCL |
||
| 082 | 0 | 4 |
_a229.2 _bح ا |
| 100 | 1 | _aحسن يوسف | |
| 245 | 1 | 0 |
_aاين المسلمون اليوم من القران / _cحسن يوسف |
| 300 |
_a216 ص ؛ _c24 سم |
||
| 650 | 0 | 4 | _aالاداب الاسلامية |
| 650 | 0 | 4 | _aالقران - سور وايات |
| 650 | 0 | 4 | _aالقران - فضائل |
| 650 | 0 | 4 | _aالقران - تفاسير |
| 942 |
_2ddc _cBK |
||
| 999 |
_c8147 _d8147 |
||